Kanunlar külliyatı fihristi (Record no. 9941)

MARC details
000 -BAŞLIK
Sabit Uzunlukta Kontrol Alanı 00843na a2200265 4500
001 - KONTROL NUMARASI
Denetim Alanı 16848
003 - KONTROL NUMARASI IDENTIFIER
Denetim Alanı MIRAKIL
005 - SON İŞLEM TARİHİ VE ZAMANI
Denetim Alanı 20181213155302.0
008 - SABİT-BOY VERİ ELEMANLARI - GENEL BİLGİLER
Sabit Uzunlukta Kontrol Alanı 161015b tu 000 0
035 ## - SİSTEM KONTROL NUMARASI
Sistem Kontrol Numarası 16848
040 ## - KATALOGLAMA KAYNAK
Orijinal Kataloglama Ajansı Milas
Kataloglama Dili tur
Metne Dönüştürmek Ajansı TR-AnCHP
041 ## - DİL KODU
Metin / Ses Parça Veya Ayrı Başlığın Dil Kodu tur
082 ## - DEWEY ONLU SINIFLANDIRMA NUMARASI
Sınıflandırma Numarası 348.022
Ürün Numarası M38y 1988
090 ## - SINIFLAMA NUMARASI
Sınıflama Numarası 348.022 M38y 1988
110 ## - ANA GİRİŞ - KURUMSAL ADI
Giriş Elemanı Olarak Kurumsal Ad Veya Yargı Alanı Adı Mevzuatı Geliştirme ve Yayın Genel Müdürlüğü
245 ## - BAŞLIK TABLOSU
Başlık Kanunlar külliyatı fihristi
Sorumluluk Tablosu, Vb Mevzuatı Geliştirme ve Yayın Genel Müdürlüğü
260 ## - YAYIN, DAĞITIM, VB
Yayın, Dağıtım, Vb Yeri Ankara
Yayıncı, Dağıtıcı, Vs Adı Başbakanlık
Yayın, Dağıtım, Vb Tarihi 1988
300 ## - FİZİKSEL TANIM
Kapsam 1382, 54 s.
Diğer Fiziksel Ayrıntıları tbl.
Boyutlar 25 sm.
650 ## - KONU KATMA GİRİŞ - TOPİKAL DÖNEM
Topikal Süreli Veya Coğrafi Ad Giriş Elemanı Hukuk ve mevzuat
Kronolojik Alt Bölümü 20. yüzyıl
Coğrafi Alt Bölümü Türkiye
650 ## - KONU KATMA GİRİŞ - TOPİKAL DÖNEM
Topikal Süreli Veya Coğrafi Ad Giriş Elemanı Hukuk
Genel Alt Bölümü Yasalar
Kronolojik Alt Bölümü 20. yüzyıl
Coğrafi Alt Bölümü Türkiye
651 ## - KONU KATMA GİRİŞ - COĞRAFİ ADI
Coğrafi İsim Osmanlı İmparatorluğu
Genel Alt Bölümü Kanunlar
651 ## - KONU KATMA GİRİŞ - COĞRAFİ ADI
Coğrafi İsim Türkiye
Genel Alt Bölümü Kanunlar
942 ## - EKLENDİ GİRİŞ ELEMANLARI (KOHA)
Sınıflandırma Veya Raf Düzeni Kaynak Dewey Decimal Classification
Koha Öğesi Türü Books
999 ## - SİSTEM KONTROL NUMARALARI (KOHA)
Koha Biblionumber 9941
Koha Biblioitemnumber 9941
657 ## - INDEX SÜRE - İŞLEVİ
-- Yürürlükte olan kanunlar
Holdings
Kalıcı Konum Mevcut Konum Edinme Tarihi Edinim Kaynak Seri Numaralandırma / Kronolojik Toplam Check-Out'Lar Tam Çağrı Numarası Barkod Tarih Son Görülme İtibaren Geçerli Fiyatlar Koha Öğesi Türü
CHP Kütüphanesi CHP Kütüphanesi 10/15/2016 Bağış c.7   348.022 M38y 1988 005335 10/15/2016 10/15/2016 Books